<?xml version="1.0" encoding="UTF-8"?>
<record
    xmlns:xsi="http://www.w3.org/2001/XMLSchema-instance"
    xsi:schemaLocation="http://www.loc.gov/MARC21/slim http://www.loc.gov/standards/marcxml/schema/MARC21slim.xsd"
    xmlns="http://www.loc.gov/MARC21/slim">

  <leader>01202nam a2200277   4500</leader>
  <controlfield tag="003">CO-ViMGA</controlfield>
  <controlfield tag="005">20240524205849.0</controlfield>
  <controlfield tag="007">ta</controlfield>
  <controlfield tag="008">240524b        |||||||| |||| 00| 0 eng d</controlfield>
  <datafield tag="020" ind1=" " ind2=" ">
    <subfield code="a">9789583043963</subfield>
  </datafield>
  <datafield tag="040" ind1=" " ind2=" ">
    <subfield code="a">CO-ViMGA</subfield>
    <subfield code="b">spa</subfield>
    <subfield code="c">CO-ViMGA</subfield>
  </datafield>
  <datafield tag="100" ind1="1" ind2=" ">
    <subfield code="a">Chartrand, Lili</subfield>
    <subfield code="9">41549</subfield>
  </datafield>
  <datafield tag="245" ind1="1" ind2="0">
    <subfield code="a">El monstruo al que le gustaba leer| /</subfield>
    <subfield code="c">Lili Chartrand ; ilustraciones Rog&#xE9; ; traducci&#xF3;n Jorge Eduardo Salgar Restrepo</subfield>
  </datafield>
  <datafield tag="250" ind1=" " ind2=" ">
    <subfield code="a">1a. edici&#xF3;n</subfield>
  </datafield>
  <datafield tag="300" ind1=" " ind2=" ">
    <subfield code="a">78 p. :</subfield>
    <subfield code="b">il., color</subfield>
  </datafield>
  <datafield tag="336" ind1=" " ind2=" ">
    <subfield code="2">rdacontent</subfield>
    <subfield code="a">texto</subfield>
    <subfield code="b">txt</subfield>
  </datafield>
  <datafield tag="337" ind1=" " ind2=" ">
    <subfield code="2">rdamedia</subfield>
    <subfield code="a">sin mediaci&#xF3;n</subfield>
    <subfield code="b">n</subfield>
  </datafield>
  <datafield tag="338" ind1=" " ind2=" ">
    <subfield code="2">rdacarrier</subfield>
    <subfield code="a">volumen</subfield>
    <subfield code="b">nc</subfield>
  </datafield>
  <datafield tag="490" ind1=" " ind2=" ">
    <subfield code="a">Plan Nacional de Lectura y Escritura, Leer es mi cuento, 2016</subfield>
  </datafield>
  <datafield tag="520" ind1=" " ind2=" ">
    <subfield code="a">En el l&#xED;mite de un fabuloso bosque, un gran monstruo descubre un d&#xED;a un objeto extra&#xF1;o. Luego de haberlo olido y lamido, lo abandona, furioso.&#xA1;No ten&#xED;a ning&#xFA;n sabor! Sin embargo este sorprendente objeto va a cambiar su vida...Tomado de la contracubierta del libro.</subfield>
  </datafield>
  <datafield tag="650" ind1="1" ind2="4">
    <subfield code="a">Cuentos infantiles canadienses</subfield>
    <subfield code="2">LEMB</subfield>
  </datafield>
  <datafield tag="650" ind1="1" ind2="4">
    <subfield code="a">Miedo</subfield>
    <subfield code="x">Cuentos</subfield>
    <subfield code="2">LEMB</subfield>
    <subfield code="9">41550</subfield>
  </datafield>
  <datafield tag="700" ind1="1" ind2=" ">
    <subfield code="a">Roge,</subfield>
    <subfield code="e">il.</subfield>
    <subfield code="9">41551</subfield>
  </datafield>
  <datafield tag="700" ind1="1" ind2=" ">
    <subfield code="a">Salgar Restrepo, Jorge Eduardo,</subfield>
    <subfield code="e">tr.</subfield>
    <subfield code="9">41552</subfield>
  </datafield>
  <datafield tag="942" ind1=" " ind2=" ">
    <subfield code="2">ddc</subfield>
    <subfield code="c">BK</subfield>
    <subfield code="h">C CHA9</subfield>
  </datafield>
  <datafield tag="999" ind1=" " ind2=" ">
    <subfield code="c">38171</subfield>
    <subfield code="d">38171</subfield>
  </datafield>
  <datafield tag="952" ind1=" " ind2=" ">
    <subfield code="0">0</subfield>
    <subfield code="1">0</subfield>
    <subfield code="2">ddc</subfield>
    <subfield code="4">0</subfield>
    <subfield code="7">0</subfield>
    <subfield code="8">INF</subfield>
    <subfield code="a">MEGUAMAL</subfield>
    <subfield code="b">MEGUAMAL</subfield>
    <subfield code="c">SInf</subfield>
    <subfield code="d">2024-05-24</subfield>
    <subfield code="l">0</subfield>
    <subfield code="o">C CHA9</subfield>
    <subfield code="p">GUA003890</subfield>
    <subfield code="r">2024-05-24 21:02:11</subfield>
    <subfield code="t">Ej.1</subfield>
    <subfield code="w">2024-05-24</subfield>
    <subfield code="y">BKINF</subfield>
  </datafield>
  <datafield tag="952" ind1=" " ind2=" ">
    <subfield code="0">0</subfield>
    <subfield code="1">0</subfield>
    <subfield code="4">0</subfield>
    <subfield code="7">0</subfield>
    <subfield code="8">InfPoTi</subfield>
    <subfield code="a">MEVIGERR</subfield>
    <subfield code="b">MEVIGERR</subfield>
    <subfield code="c">SInf</subfield>
    <subfield code="d">2017-06-15</subfield>
    <subfield code="o">C CHA9</subfield>
    <subfield code="p">ECA25789</subfield>
    <subfield code="r">2024-11-26 09:17:15</subfield>
    <subfield code="t">Ej.1</subfield>
    <subfield code="w">2024-11-26</subfield>
    <subfield code="y">BK</subfield>
    <subfield code="z">19535 | 24961</subfield>
  </datafield>
  <datafield tag="952" ind1=" " ind2=" ">
    <subfield code="0">0</subfield>
    <subfield code="1">0</subfield>
    <subfield code="2">ddc</subfield>
    <subfield code="4">0</subfield>
    <subfield code="7">0</subfield>
    <subfield code="8">INF</subfield>
    <subfield code="a">MESJUANI</subfield>
    <subfield code="b">MESJUANI</subfield>
    <subfield code="c">SInf</subfield>
    <subfield code="d">2025-02-24</subfield>
    <subfield code="l">0</subfield>
    <subfield code="o">C CHA9</subfield>
    <subfield code="p">SJU01340</subfield>
    <subfield code="r">2025-02-24 11:11:25</subfield>
    <subfield code="t">Ej.1</subfield>
    <subfield code="w">2025-02-24</subfield>
    <subfield code="y">BK</subfield>
  </datafield>
</record>
